A history of Latin America from the beginnings to the present / Hubert Herring (Registro nro. 40859)
[ vista simple ]
| 000 -LÍDER | |
|---|---|
| Campo fijo de descripción fija | 003820000a22001450004500 |
| 041 0# - CÓDIGO DE IDIOMA | |
| Código de idioma para texto/pista de sonido o título separado | |
| 082 04 - NÚMERO DE CLASIFICACIÓN DECIMAL DEWEY | |
| Número de clasificación | G 980 H5671h |
| 001 - NÚMERO DE CONTROL | |
| Campo de control | 11646 |
| 100 1# - ASIENTO PRINCIPAL--NOMBRE PERSONAL | |
| Nombre personal | Herring, Hubert |
| 245 10 - TÍTULO | |
| Título del Material | A history of Latin America from the beginnings to the present / Hubert Herring |
| 250 ## - MENCIÓN DE EDICIÓN | |
| Mención de edición | 2 Ed. Revised |
| 260 ## - PUBLICACIÓN, DISTRIBUCIÓN, ETC. (PIE DE IMPRENTA) | |
| Lugar de publicación, distribución, etc. | New York, N.Y., USA : Alfred A. Knopf |
| 300 ## - DESCRIPCIÓN FÍSICA | |
| Extensión | XXII, 845 Pag |
| 942 ## - TIPO DE MATERIAL (KOHA) | |
| Tipo de Item KOHA | Libros General |
| Estado de Material | Estado de Perdido | Estado de Dañado | No para Préstamo | Colección | Tomo | Biblioteca de Origen | Biblioteca Permanente | Fecha de Adquisición | Total de Préstamos | Signatura Topográfica | Código de Barras | Última vez visto | Ejemplar/Existencia | Fecha de Remplazo | Tipo de Material |
|---|---|---|---|---|---|---|---|---|---|---|---|---|---|---|---|
| Colección General | Biblioteca FUSBC | Biblioteca FUSBC | 28/01/2005 | G 980 H5671h | 10978 | 12/12/2019 | 1 | 26/01/2016 | Libros General |
